000 00528cam4a220018100 4500
001 tmp15497166
003 UPRA
005 20190815104515.0
008 950829s1970 rm rum u
035 _a(Sirsi) r121362
035 _a(UPRA)tmp15497166
040 _cUPRA
100 1 _aSadoveanu, Mihail, 1880-1961.
_dSadoveanu, Mihail, 1880-1961.
_6A88623.1
245 1 0 _aPovestiri de dragoste.
260 _a[Bucuresti] :
_bCartea romaneasca,
_c1970.
949 _aPC839.53
_wlcc
_i-174446
_mMAIN
_tBOOK
_lON-SHELF
004 121362
999 _c66560
_d66561